000 00473nam a2200193Ia 4500
005 20240823022125.0
008 240823s9999||||xx |||||||||||||| ||und||
020 _a978-81-203-3124-2
041 _aENGLISH
082 _A629.8312 P7
100 _aArun K Ghosh
245 0 _aLinear and Digital Control Systems
250 _a1st
260 _c2007
_b"PHI,.New "
_aNew Delhi
500 _aYES
650 _aControl System
_bElectronics
942 _cBK
999 _c178409
_d178409